000 01630nam a2200277 a 4500
005 20070314083947.0
008 060818s2006 ii a | 001 0beng
010 _aB-268570-574
020 _a9788123745978
_c200.00
035 _aB-268570-574
040 _adpl
_bEnglish
082 _a331.125
100 _aBhaduri, Amit
245 _aDevelopment with dignity:
_cby Amit Bhaduri
_ba case for full employment /
260 _aNew Delhi
_bNational Book Trust
_c2007(repr.).
300 _ax, 107 p.
_c22 cm (Hb)
490 _aPopular social science
600 _aGandhi, Indira,
942 _2ddc
_cEN
_h331.125
_mBHA
999 _c16776
_d16776